[Event "IND-ch U13 Girls 29th"]
[Site "Gurgaon"]
[Date "2015.08.30"]
[Round "1"]
[White "Salonika, Saina"]
[Black "Harini, R."]
[Result "1-0"]
[WhiteElo "1853"]
[BlackElo "1246"]
[PlyCount "67"]
[EventDate "2015.08.30"]
[EventType "swiss"]
[EventRounds "11"]
[EventCountry "IND"]
[SourceTitle "EXT 2016"]
[Source "ChessBase"]
[SourceDate "2015.10.08"]
[SourceVersion "1"]
[SourceVersionDate "2015.10.08"]
[SourceQuality "1"]

1. e4 c5 2. Nc3 Nc6 3. f4 d6 4. Nf3 Nf6 5. Bb5 g6 6. 0-0 Bg7 7. d3 0-0 8. Bxc6 bxc6 9. Qe1 Rb8 10. Rb1 Bd7 11. Qh4 Ne8 12. Bd2 Nc7 13. Ng5 h6 14. Nf3 e6 15. Qg3 Na6 16. a3 Re8 17. Kh1 Kh8 18. Qh3 e5 19. Qg3 Rb7 20. h3 Qe7 21. Nh2 Reb8 22. b3 Kh7 23. Nd1 h5 24. Qf3 Kg8 25. f5 Rf8 26. f6 Qe8 27. fxg7 Kxg7 28. Qf6+ Kh7 29. Nf3 Qc8 30. Ng5+ Kg8 31. Nc3 Qc7 32. Ne6 Bxe6 33. Bh6 Re8 34. Qg7# 1-0